All 75k+ Cities in Kyushu - Statistics

General Stats
  • This quiz has been taken 26 times
  • The average score is 22 of 30
Answers on the Map
Answers color-coded by a green-red scale on the quiz's map according to % correct below.
 
Answer Stats
Population Answer % Correct
409,118 Nagasaki
100%
1,612,392 Fukuoka
94%
593,128 Kagoshima
94%
939,029 Kitakyūshū
94%
738,865 Kumamoto
94%
401,339 Miyazaki
94%
475,614 Ōita
94%
233,301 Saga
94%
243,223 Sasebo
94%
115,321 Beppu
88%
303,316 Kurume
88%
117,373 Karatsu
75%
75,783 Amakusa
69%
82,863 Nakatsu
69%
95,397 Ōmura
69%
76,348 Aira
63%
133,852 Isahaya
63%
98,877 Itoshima
63%
101,096 Kanoya
63%
123,135 Kirishima
63%
160,640 Miyakonojō
63%
118,394 Nobeoka
63%
111,281 Ōmuta
63%
123,067 Yatsushiro
63%
102,085 Ōnojō
56%
92,403 Satsumasendai
56%
103,311 Chikushino
50%
126,364 Iizuka
50%
97,095 Munakata
50%
111,023 Kasuga
44%
No matching quizzes found
Score Distribution
Percent of People with Each Score
Percentile by Number Answered
Your Score History
You have not taken this quiz